[Event "2. Memorial Oliver Gonzalez 2011"]
[Site "Madrid ESP"]
[Date "2011.10.14"]
[Round "7.37"]
[White "Fernandez Aransay, Fernando"]
[Black "Perez De Aranda A., Leonardo I"]
[Result "1-0"]
[WhiteElo "1886"]
[BlackElo "2142"]
[PlyCount "113"]
[EventDate "2011.10.08"]
[EventType "swiss"]
[EventRounds "9"]
[EventCountry "ESP"]
[Source "lmi"]
[SourceDate "2011.10.08"]

1. e4 c5 2. Nf3 d6 3. d4 cxd4 4. Nxd4 Nf6 5. Nc3 a6 6. Be2 e5 7. Nb3 Be7 8. O-O
O-O 9. f4 Qc7 10. Be3 b5 11. a3 Bb7 12. Bf3 Nbd7 13. Qe1 d5 14. exd5 e4 15.
Nxe4 Nxd5 16. Bd4 Nxf4 17. Rd1 Ne6 18. Bc3 Rae8 19. Ba5 Qxc2 20. Rxd7 Bxe4 21.
Bxe4 Qxb3 22. Bd5 Bc5+ 23. Kh1 Qe3 24. Qxe3 Bxe3 25. Bb4 Rd8 26. Bxe6 fxe6 27.
Rxf8+ Rxf8 28. Bxf8 Kxf8 29. b3 Bc1 30. Rd6 a5 31. Rxe6 Bxa3 32. Rb6 a4 33.
Rxb5 axb3 34. Rxb3 Be7 35. Rb7 Kf7 36. g4 Ke6 37. Kg2 h6 38. Kf3 g6 39. Ke4 h5
40. h3 hxg4 41. hxg4 Bf6 42. Rb6+ Kf7 43. Kd5 Bc3 44. Rc6 Bb2 45. Ke4 Bf6 46.
Kf4 Bd4 47. Ke4 Bf6 48. Ra6 Be7 49. Ke5 Bh4 50. Ra7+ Kf8 51. Ke6 Bg5 52. Rb7
Bh4 53. Rd7 Bg5 54. Rd5 Bc1 55. Kf6 Bb2+ 56. Kxg6 Ke7 57. Rf5 1-0

[Event "2. Memorial Oliver Gonzalez 2011"]
[Site "Madrid ESP"]
[Date "2011.10.14"]
[Round "7.39"]
[White "Tamaslacariu, Ionut"]
[Black "Spitzer Isbert, Ramon"]
[Result "1-0"]
[WhiteElo "1831"]
[BlackElo "2099"]
[PlyCount "119"]
[EventDate "2011.10.08"]
[EventType "swiss"]
[EventRounds "9"]
[EventCountry "ESP"]
[Source "lmi"]
[SourceDate "2011.10.08"]

1. c4 g6 2. d4 Bg7 3. Nc3 d6 4. e4 Nc6 5. Nf3 Bg4 6. Be3 e5 7. d5 Nd4 8. Qa4+
Bd7 9. Qd1 Nxf3+ 10. gxf3 Nf6 11. Qd2 Nh5 12. Be2 O-O 13. Bg5 f6 14. Bh6 a6 15.
Rg1 Rf7 16. c5 dxc5 17. O-O-O b5 18. Bxg7 Kxg7 19. d6 Be6 20. dxc7 Qxd2+ 21.
Rxd2 Rxc7 22. Rgd1 Nf4 23. Bf1 Kf7 24. Rd6 Ke7 25. Rb6 Rd7 26. Rxd7+ Bxd7 27.
Nd5+ Nxd5 28. exd5 Ra7 29. d6+ Ke6 30. a4 c4 31. a5 Kd5 32. Kd2 Kd4 33. Bg2 f5
34. f4 e4 35. f3 e3+ 36. Ke2 Be6 37. h4 Bc8 38. Rb8 Bd7 39. Bh3 b4 40. Rxb4 Bb5
41. b3 Rd7 42. bxc4 Bxc4+ 43. Ke1 Rxd6 44. Bf1 e2 45. Bxe2 Rc6 46. Rb6 Rc5 47.
Bxc4 Rxc4 48. Kf2 Rc2+ 49. Kg3 Kc5 50. Rxa6 Kb5 51. Ra7 Ra2 52. Rxh7 Rxa5 53.
Rh6 Ra6 54. h5 Ra1 55. Rxg6 Rg1+ 56. Kh4 Rh1+ 57. Kg5 Kc5 58. h6 Kd5 59. Kxf5
Rh2 60. Kg5 1-0

[Event "2. Memorial Oliver Gonzalez 2011"]
[Site "Madrid ESP"]
[Date "2011.10.14"]
[Round "7.40"]
[White "Merino Araguas, Jose Javier"]
[Black "Alvarez Abejon, Amilcar"]
[Result "0-1"]
[WhiteElo "1848"]
[BlackElo "2038"]
[PlyCount "60"]
[EventDate "2011.10.08"]
[EventType "swiss"]
[EventRounds "9"]
[EventCountry "ESP"]
[Source "lmi"]
[SourceDate "2011.10.08"]

1. d4 d5 2. c4 e6 3. Nc3 c6 4. cxd5 exd5 5. Nf3 Bf5 6. Qb3 Qc7 7. g3 Bd6 8. Bg2
Nf6 9. O-O Nbd7 10. Nh4 Bg4 11. h3 Be6 12. Nf3 Ne4 13. Ng5 Nxg5 14. Bxg5 h6 15.
Bd2 O-O 16. Rac1 Qb8 17. Na4 f5 18. Bb4 Bxb4 19. Qxb4 f4 20. Kh2 Rf5 21. Qe7
Rf6 22. Nc5 Nxc5 23. Rxc5 Bf5 24. Qe5 Qf8 25. Rc3 Re8 26. Qc7 Rf7 27. Qxf4 Bxh3
28. Qh4 Bxg2 29. Kxg2 Rxe2 30. g4 Rxb2 0-1

[Event "2. Memorial Oliver Gonzalez 2011"]
[Site "Madrid ESP"]
[Date "2011.10.14"]
[Round "7.41"]
[White "Sanchez Millan, Eduardo"]
[Black "Ortega Morales, Pedro"]
[Result "0-1"]
[WhiteElo "2017"]
[BlackElo "1861"]
[PlyCount "100"]
[EventDate "2011.10.08"]
[EventType "swiss"]
[EventRounds "9"]
[EventCountry "ESP"]
[Source "lmi"]
[SourceDate "2011.10.08"]

1. c4 e5 2. Nc3 Nf6 3. g3 Nc6 4. Bg2 Bc5 5. e3 O-O 6. Nge2 Re8 7. d3 d6 8. a3
a5 9. Rb1 Bf5 10. e4 Bd7 11. O-O Qc8 12. Bg5 Ng4 13. Nd5 Re6 14. b4 h6 15. bxc5
hxg5 16. Bh3 Rh6 17. Bxg4 Bxg4 18. f3 Bh3 19. Rf2 dxc5 20. g4 b6 21. Ng3 Qd7
22. Nf5 Re6 23. Qa4 Rd8 24. Qd1 g6 25. Qd2 f6 26. Nfe3 Kg7 27. Kh1 Nd4 28. Rg1
Rd6 29. Rg3 Rh8 30. Nf5+ gxf5 31. gxf5 Qf7 32. f4 exf4 33. Nxf4 g4 34. Nxh3
Rxh3 35. Rxg4+ Kf8 36. Rfg2 Nf3 37. Qf4 Ng5 38. e5 Rd4 39. Qf1 Rxg4 40. Rxg4
Qh5 41. Qg2 Rxd3 42. Qa8+ Kf7 43. e6+ Ke7 44. Rg1 Nf3 45. Rg7+ Kd6 46. Qd8+ Ke5
47. Qxc7+ Kxf5 48. Rd7 Qg5 49. Qg3 Qc1+ 50. Kg2 Ne1+ 0-1

[Event "2. Memorial Oliver Gonzalez 2011"]
[Site "Madrid ESP"]
[Date "2011.10.14"]
[Round "7.43"]
[White "Alonso Herrero, Ignacio"]
[Black "Grebstad, Kjell Borre"]
[Result "1/2-1/2"]
[WhiteElo "1812"]
[BlackElo "1986"]
[PlyCount "44"]
[EventDate "2011.10.08"]
[EventType "swiss"]
[EventRounds "9"]
[EventCountry "ESP"]
[Source "lmi"]
[SourceDate "2011.10.08"]

1. e4 d5 2. exd5 Qxd5 3. Nc3 Qa5 4. b4 Qxb4 5. Rb1 Qd6 6. d4 Nf6 7. Nf3 a6 8.
a4 e6 9. Rb3 Nc6 10. Bd3 Be7 11. O-O O-O 12. Ne4 Nxe4 13. Bxe4 h6 14. Bxc6 Qxc6
15. Ne5 Qe4 16. Re1 Qh7 17. Rg3 Bd6 18. Qh5 Kh8 19. Nxf7+ Rxf7 20. Qxf7 Bxg3
21. hxg3 Qxc2 22. Bxh6 gxh6 1/2-1/2

[Event "2. Memorial Oliver Gonzalez 2011"]
[Site "Madrid ESP"]
[Date "2011.10.14"]
[Round "7.44"]
[White "Cuadrado Lopez, Francisco Javie"]
[Black "Galan Aguado, Fernando"]
[Result "1-0"]
[WhiteElo "1967"]
[BlackElo "1779"]
[PlyCount "49"]
[EventDate "2011.10.08"]
[EventType "swiss"]
[EventRounds "9"]
[EventCountry "ESP"]
[Source "lmi"]
[SourceDate "2011.10.08"]

1. e4 e6 2. d4 d5 3. Nc3 dxe4 4. Nxe4 Bd7 5. Nf3 Bc6 6. Bd3 Nd7 7. O-O Ngf6 8.
Ng3 Be7 9. Re1 O-O 10. c3 b6 11. Qe2 Re8 12. Bc2 Bb7 13. Bd2 a5 14. a3 c5 15.
Ba4 Ba6 16. c4 cxd4 17. Nxd4 Bf8 18. Bg5 Rb8 19. b3 Bb7 20. Bxf6 gxf6 21. Qg4+
Kh8 22. Rad1 Bxa3 23. Nxe6 Rxe6 24. Rxe6 fxe6 25. Rxd7 1-0

[Event "2. Memorial Oliver Gonzalez 2011"]
[Site "Madrid ESP"]
[Date "2011.10.14"]
[Round "7.46"]
[White "Garcia Donoso, Alberto"]
[Black "Rodriguez Vignote, Javier"]
[Result "0-1"]
[WhiteElo "1744"]
[BlackElo "1934"]
[PlyCount "83"]
[EventDate "2011.10.08"]
[EventType "swiss"]
[EventRounds "9"]
[EventCountry "ESP"]
[Source "lmi"]
[SourceDate "2011.10.08"]

1. e4 e6 2. d3 d5 3. Nd2 c5 4. g3 Bd6 5. Ngf3 Nc6 6. Bg2 Nge7 7. O-O O-O 8. Qe2
Qc7 9. c3 Bd7 10. Re1 f6 11. h3 d4 12. c4 e5 13. Nf1 Be6 14. N1h2 Qd7 15. g4
Ng6 16. Kh1 a6 17. a4 Nb4 18. Nf1 b5 19. axb5 axb5 20. Rxa8 Rxa8 21. cxb5 Qxb5
22. Ng3 Qxd3 23. Rd1 Qxe2 24. Nxe2 Bb3 25. Rg1 Nd3 26. Nd2 Nxf2+ 27. Kh2 Be6
28. Nf3 Ra2 29. g5 Nxe4 30. gxf6 Nxf6 31. Ng5 e4+ 32. Ng3 Bd5 33. Re1 e3 34.
Bxd5+ Nxd5 35. N5e4 Bf8 36. Nf5 Ne5 37. Kh1 Nd3 38. Rg1 g6 39. h4 Ra1 40. Rg2
Rxc1+ 41. Kh2 N3f4 42. Rc2 0-1

[Event "2. Memorial Oliver Gonzalez 2011"]
[Site "Madrid ESP"]
[Date "2011.10.14"]
[Round "7.47"]
[White "Fernandez Garcia, Ignacio"]
[Black "Montoya Pecurul, Marc"]
[Result "0-1"]
[WhiteElo "1932"]
[BlackElo "1776"]
[PlyCount "96"]
[EventDate "2011.10.08"]
[EventType "swiss"]
[EventRounds "9"]
[EventCountry "ESP"]
[Source "lmi"]
[SourceDate "2011.10.08"]

1. e4 e5 2. Nf3 Nc6 3. Nc3 Bc5 4. Bc4 Nf6 5. d3 h6 6. h3 d6 7. a3 O-O 8. g4 Nh7
9. g5 hxg5 10. h4 Bg4 11. Rg1 Bxf3 12. Qxf3 Nd4 13. Qg3 Qf6 14. hxg5 Nxc2+ 15.
Kd1 Qxf2 16. g6 Qxg1+ 17. Qxg1 Bxg1 18. gxh7+ Kxh7 19. Kxc2 Bd4 20. Nd5 c6 21.
Ne7 g6 22. Bg5 Kg7 23. Rh1 Rh8 24. Rf1 Rh2+ 25. Kc1 Rf2 26. Rh1 Rh8 27. Rxh8
Kxh8 28. Bh4 Rf1+ 29. Kc2 Kg7 30. Nc8 Rh1 31. Be7 Rh2+ 32. Kc1 b5 33. Bb3 Bxb2+
34. Kd1 Bxa3 35. Nxa7 Rh8 36. Nxc6 Bc5 37. Nxe5 Re8 38. Nc6 f6 39. Bd5 g5 40.
Ke2 Rh8 41. Be6 Rh2+ 42. Kf3 Rf2+ 43. Kg3 Rd2 44. d4 Bxd4 45. Nxd4 Rxd4 46. Bd5
b4 47. Bxd6 b3 48. Bc5 Rxd5 0-1

[Event "2. Memorial Oliver Gonzalez 2011"]
[Site "Madrid ESP"]
[Date "2011.10.14"]
[Round "7.48"]
[White "Sanchez Romero, Ruben"]
[Black "Vargas Huamani, Juan C"]
[Result "1-0"]
[WhiteElo "1741"]
[BlackElo "1912"]
[PlyCount "89"]
[EventDate "2011.10.08"]
[EventType "swiss"]
[EventRounds "9"]
[EventCountry "ESP"]
[Source "lmi"]
[SourceDate "2011.10.08"]

1. e4 c5 2. Nf3 Nc6 3. d3 g6 4. g3 Bg7 5. Bg2 d6 6. O-O Nf6 7. Nc3 O-O 8. h3 a6
9. a4 Rb8 10. Rb1 b5 11. Be3 Qc7 12. Qd2 Re8 13. Bh6 Bh8 14. b3 Nd4 15. Nxd4
cxd4 16. Ne2 Qb6 17. axb5 axb5 18. f4 b4 19. f5 Nd7 20. Nf4 Bb7 21. fxg6 hxg6
22. h4 e5 23. Nxg6 fxg6 24. Qg5 d5 25. h5 dxe4 26. hxg6 Re6 27. Qf5 Nf6 28. g4
exd3 29. Bxb7 Rxb7 30. cxd3 Bg7 31. g5 Ra7 32. Rbc1 Ra8 33. Bxg7 Kxg7 34. gxf6+
Rxf6 35. Rc7+ Qxc7 36. Qxf6+ Kg8 37. Qe6+ Kh8 38. Qh3+ Kg8 39. Qh6 Qg7 40. Qg5
Rc8 41. Rf7 Rc1+ 42. Kf2 Rc2+ 43. Kg3 Qxf7 44. gxf7+ Kxf7 45. Qxe5 1-0

[Event "2. Memorial Oliver Gonzalez 2011"]
[Site "Madrid ESP"]
[Date "2011.10.14"]
[Round "7.49"]
[White "Lopez Heras, Arturo"]
[Black "Padin Lazaro, Jose Manuel"]
[Result "1/2-1/2"]
[WhiteElo "1904"]
[BlackElo "1737"]
[PlyCount "73"]
[EventDate "2011.10.08"]
[EventType "swiss"]
[EventRounds "9"]
[EventCountry "ESP"]
[Source "lmi"]
[SourceDate "2011.10.08"]

1. e4 e6 2. d4 d5 3. e5 c5 4. Nf3 Nc6 5. Bd3 cxd4 6. O-O Qc7 7. Bf4 h6 8. h4
Bd7 9. a3 g5 10. Bg3 g4 11. Nh2 h5 12. Re1 O-O-O 13. c3 Qb6 14. b4 Bg7 15. Bf1
dxc3 16. Nxc3 Kb8 17. Rc1 Nh6 18. Bd3 Ka8 19. Kh1 Ne7 20. f4 Nhf5 21. Nf1 Rc8
22. Qd2 Nxg3+ 23. Nxg3 f6 24. Qe2 Qd4 25. Nb5 Bxb5 26. Bxb5 f5 27. Bd7 Rc3 28.
Nxh5 Bh6 29. g3 Ng6 30. Bxe6 Nxf4 31. gxf4 Rh3+ 32. Kg2 Bxf4 33. Rh1 Re3 34.
Qc2 Rc3 35. Qe2 Re3 36. Qc2 Rc3 37. Qe2 1/2-1/2

[Event "2. Memorial Oliver Gonzalez 2011"]
[Site "Madrid ESP"]
[Date "2011.10.14"]
[Round "7.51"]
[White "Cabañas Jimenez, Manuel"]
[Black "Calderon Martin, Antonio"]
[Result "1-0"]
[WhiteElo "2102"]
[BlackElo "1728"]
[PlyCount "95"]
[EventDate "2011.10.08"]
[EventType "swiss"]
[EventRounds "9"]
[EventCountry "ESP"]
[Source "lmi"]
[SourceDate "2011.10.08"]

1. e4 e5 2. f4 d5 3. Nf3 exf4 4. exd5 Nf6 5. Bb5+ Bd7 6. Qe2+ Qe7 7. Qxe7+ Bxe7
8. Bc4 O-O 9. O-O Bf5 10. Bb3 Bd6 11. d4 Nbd7 12. c4 b6 13. Nc3 a6 14. Nh4 Bd3
15. Rf3 Be4 16. Nxe4 Nxe4 17. Bxf4 Bxf4 18. Rxf4 Ndf6 19. Nf3 h6 20. Re1 Rae8
21. Ne5 Nd2 22. Rd1 Nxb3 23. axb3 Re7 24. b4 Nh5 25. Rf3 Nf6 26. Ra3 Ra8 27. b5
a5 28. b4 Ne4 29. bxa5 Nd6 30. a6 f6 31. Nc6 Re4 32. Rc1 Kf8 33. Rb3 Nc8 34.
Kf2 Ne7 35. Re3 Rxe3 36. Kxe3 Nf5+ 37. Kd3 Nd6 38. Re1 Nc8 39. c5 Kf7 40. Kc4
f5 41. Nd8+ Kf6 42. Re6+ Kg5 43. Nf7+ Kf4 44. d6 cxd6 45. cxd6 Ra7 46. Ne5 Ra8
47. d7 Na7 48. Re8 1-0

[Event "2. Memorial Oliver Gonzalez 2011"]
[Site "Madrid ESP"]
[Date "2011.10.14"]
[Round "7.52"]
[White "Sanchez Lopez, Maria"]
[Black "Fuentes Arjona, Antonio"]
[Result "0-1"]
[WhiteElo "1711"]
[BlackElo "2001"]
[PlyCount "76"]
[EventDate "2011.10.08"]
[EventType "swiss"]
[EventRounds "9"]
[EventCountry "ESP"]
[Source "lmi"]
[SourceDate "2011.10.08"]

1. d4 d5 2. c4 c6 3. Nf3 Nf6 4. Nc3 dxc4 5. a4 g6 6. e4 Bg4 7. Be3 Qa5 8. h3
Bxf3 9. Qxf3 b5 10. Bd2 b4 11. Nb1 Qb6 12. Qe3 a5 13. Bxc4 Bg7 14. O-O O-O 15.
Rd1 Nbd7 16. Bc1 e5 17. d5 cxd5 18. Bxd5 Nxd5 19. Rxd5 Qxe3 20. Bxe3 Nf6 21.
Rxe5 Ng4 22. Rc5 Nxe3 23. fxe3 Rfc8 24. Rxc8+ Rxc8 25. Nd2 Bxb2 26. Rb1 Bc1 27.
Nb3 Bxe3+ 28. Kf1 Bb6 29. Rc1 Rxc1+ 30. Nxc1 Kf8 31. Ke2 Ke7 32. g4 Ke6 33. Nb3
Ke5 34. Kf3 g5 35. Nd2 Kd4 36. e5 Kd3 37. Ne4 b3 38. Nxg5 b2 0-1

[Event "2. Memorial Oliver Gonzalez 2011"]
[Site "Madrid ESP"]
[Date "2011.10.14"]
[Round "7.54"]
[White "Rottenwoehrer, Christoph"]
[Black "Camarero Izquierdo, Juan Carlos"]
[Result "0-1"]
[WhiteElo "1588"]
[BlackElo "1933"]
[PlyCount "95"]
[EventDate "2011.10.08"]
[EventType "swiss"]
[EventRounds "9"]
[EventCountry "ESP"]
[Source "lmi"]
[SourceDate "2011.10.08"]

1. c4 f5 2. g3 Nf6 3. Bg2 e5 4. Nc3 Bb4 5. Nd5 Nxd5 6. cxd5 O-O 7. e3 d6 8. Ne2
Nd7 9. O-O Ba5 10. a3 Bb6 11. b4 Qf6 12. Bb2 Qh6 13. f4 Nf6 14. Qc1 Bd7 15. a4
a5 16. b5 Be8 17. d4 e4 18. Qc4 Ng4 19. h3 Nxe3 20. Qb3 Nxf1 21. Kxf1 Bh5 22.
Ng1 Rae8 23. Qe3 Bf7 24. Qb3 Re7 25. Re1 Rfe8 26. Qc4 Bh5 27. Bc1 Bf3 28. Be3
Qg6 29. Kf2 h5 30. Bxf3 exf3 31. Nxf3 Rc8 32. Qc3 Qe8 33. Qb3 Kh8 34. Qb1 g6
35. Ng5 Rxe3 36. Rxe3 Bxd4 37. Ne6 Bxe3+ 38. Kxe3 Qe7 39. Qb2+ Kg8 40. Kf2 c6
41. Qc3 Qf7 42. Kf3 c5 43. Qa3 c4 44. Qc3 b6 45. Ke3 Qh7 46. Kd2 Qh8 47. Qxh8+
Kxh8 48. Nd4 0-1

[Event "2. Memorial Oliver Gonzalez 2011"]
[Site "Madrid ESP"]
[Date "2011.10.14"]
[Round "7.55"]
[White "Tevar Becerra, Alvaro"]
[Black "Peñaranda Grilo, Juan Carlos"]
[Result "0-1"]
[WhiteElo "1477"]
[BlackElo "1889"]
[PlyCount "60"]
[EventDate "2011.10.08"]
[EventType "swiss"]
[EventRounds "9"]
[EventCountry "ESP"]
[Source "lmi"]
[SourceDate "2011.10.08"]

1. e4 c6 2. d4 d5 3. exd5 cxd5 4. c4 Nf6 5. Nc3 e6 6. a3 Be7 7. Nf3 O-O 8. Be2
dxc4 9. Bxc4 Nc6 10. O-O Qa5 11. Be3 Rd8 12. b4 Qh5 13. b5 Na5 14. Qa4 b6 15.
Be2 Bb7 16. Rfe1 Ng4 17. h3 Nxe3 18. fxe3 Rac8 19. Rac1 Qh6 20. e4 Qe3+ 21. Kf1
Rxc3 22. Qd1 Rxc1 23. Qxc1 Qxc1 24. Rxc1 Rc8 25. Rxc8+ Bxc8 26. Ne5 Bb7 27. d5
exd5 28. exd5 Bxd5 29. Ke1 Bd6 30. Nd3 Bxg2 0-1

[Event "2. Memorial Oliver Gonzalez 2011"]
[Site "Madrid ESP"]
[Date "2011.10.14"]
[Round "7.56"]
[White "Alvarez Escudero, Manuel"]
[Black "Sierra Bermejo, Gregorio"]
[Result "1-0"]
[WhiteElo "1874"]
[BlackElo "1691"]
[PlyCount "65"]
[EventDate "2011.10.08"]
[EventType "swiss"]
[EventRounds "9"]
[EventCountry "ESP"]
[Source "lmi"]
[SourceDate "2011.10.08"]

1. e4 c5 2. Nf3 g6 3. Bc4 Bg7 4. O-O Nc6 5. c3 Nf6 6. e5 Ng4 7. d4 cxd4 8. cxd4
O-O 9. Nc3 e6 10. Nb5 Nh6 11. Bxh6 Bxh6 12. Nd6 a6 13. Bb3 Bg7 14. h3 f6 15.
Re1 Qe7 16. Rc1 b5 17. a3 Rb8 18. Re2 a5 19. Nxc8 Rbxc8 20. d5 Nxe5 21. Nxe5
fxe5 22. dxe6 d6 23. Rxc8 Rxc8 24. Rc2 Rd8 25. Qd5 Kf8 26. Qxb5 Qa7 27. Qd5 Ke7
28. Qc6 h5 29. Qc7+ Qxc7 30. Rxc7+ Kf6 31. Rf7+ Kg5 32. Rxg7 Kf6 33. Rf7+ 1-0

[Event "2. Memorial Oliver Gonzalez 2011"]
[Site "Madrid ESP"]
[Date "2011.10.14"]
[Round "7.58"]
[White "Farre Selma, David"]
[Black "Melcon Diez, Enrique"]
[Result "1-0"]
[WhiteElo "1841"]
[BlackElo "1671"]
[PlyCount "63"]
[EventDate "2011.10.08"]
[EventType "swiss"]
[EventRounds "9"]
[EventCountry "ESP"]
[Source "lmi"]
[SourceDate "2011.10.08"]

1. e4 c5 2. b3 Nc6 3. Bb2 d6 4. Nf3 e5 5. Nc3 Nf6 6. Bc4 Be7 7. O-O O-O 8. h3
a6 9. a4 Nd4 10. d3 Bd7 11. Nd5 Rb8 12. Nxd4 cxd4 13. f4 b5 14. axb5 axb5 15.
fxe5 dxe5 16. Nxe7+ Qxe7 17. Ba3 b4 18. Bc1 Ra8 19. Bg5 Qd6 20. Bxf6 Rxa1 21.
Qxa1 gxf6 22. Qc1 f5 23. exf5 Qf6 24. Bd5 Kh8 25. Qd2 Bc6 26. Bxc6 Qxc6 27.
Qxb4 Rg8 28. Qd2 Rc8 29. Rf2 f6 30. Qb4 Qe8 31. Qb6 Rb8 32. Qxf6+ 1-0

[Event "2. Memorial Oliver Gonzalez 2011"]
[Site "Madrid ESP"]
[Date "2011.10.14"]
[Round "7.60"]
[White "Ibañez Moreno, Sergio"]
[Black "Jimenez Vera, Ruben"]
[Result "1-0"]
[WhiteElo "1789"]
[BlackElo "1591"]
[PlyCount "93"]
[EventDate "2011.10.08"]
[EventType "swiss"]
[EventRounds "9"]
[EventCountry "ESP"]
[Source "lmi"]
[SourceDate "2011.10.08"]

1. e4 c5 2. Nf3 Nc6 3. c4 d6 4. d4 cxd4 5. Nxd4 Nf6 6. Nc3 a6 7. Be2 g6 8. Be3
Bg7 9. O-O O-O 10. f4 Nxd4 11. Bxd4 h5 12. f5 Bd7 13. Qd3 e5 14. Be3 Qc7 15.
Rac1 Bc6 16. Bg5 Qb6+ 17. Kh1 Qd4 18. fxg6 Qxd3 19. gxf7+ Rxf7 20. Bxd3 Raf8
21. Nd5 Nxd5 22. Rxf7 Rxf7 23. cxd5 Bd7 24. Kg1 Kh7 25. Rc7 Kg6 26. Bd8 Bh6 27.
Rxb7 Be3+ 28. Kh1 Bb5 29. Rxf7 Kxf7 30. Bxb5 axb5 31. g3 Kg6 32. Kg2 Kf7 33.
Kf3 Bc1 34. b3 Ke8 35. Ba5 Kd7 36. a4 bxa4 37. bxa4 Kc8 38. g4 hxg4+ 39. Kxg4
Kd7 40. h4 Ke7 41. h5 Kf6 42. Bd8+ Kf7 43. a5 Be3 44. Bb6 Bd4 45. Bxd4 exd4 46.
a6 d3 47. Kf3 1-0

[Event "2. Memorial Oliver Gonzalez 2011"]
[Site "Madrid ESP"]
[Date "2011.10.14"]
[Round "7.62"]
[White "Rodriguez Gomez, Jose"]
[Black "Zhynguel Ramirez De Verger, Ale"]
[Result "1-0"]
[WhiteElo "1754"]
[BlackElo "1516"]
[PlyCount "87"]
[EventDate "2011.10.08"]
[EventType "swiss"]
[EventRounds "9"]
[EventCountry "ESP"]
[Source "lmi"]
[SourceDate "2011.10.08"]

1. e4 c5 2. c4 d6 3. Nf3 Nc6 4. d3 Nf6 5. Nc3 g6 6. Bf4 Bg7 7. Qd2 Bd7 8. Be2
O-O 9. h3 a6 10. O-O Rb8 11. e5 dxe5 12. Nxe5 Nxe5 13. Bxe5 Rc8 14. Rad1 Bc6
15. b3 Nd7 16. Bxg7 Kxg7 17. d4 cxd4 18. Qxd4+ Nf6 19. Qe3 Qc7 20. Rfe1 e6 21.
Bf3 Rfd8 22. Bxc6 Qxc6 23. Rd2 Rxd2 24. Qxd2 Qd7 25. Qb2 Kg8 26. Rd1 Qe7 27.
Qd2 Qc5 28. Qd4 Qxd4 29. Rxd4 b5 30. Ne4 Nxe4 31. Rxe4 bxc4 32. Rxc4 Rxc4 33.
bxc4 Kf8 34. Kf1 Ke7 35. Ke2 Kd6 36. Kd3 Kc5 37. a3 f5 38. f4 h6 39. h4 Kc6 40.
Kd4 Kd6 41. c5+ Kc6 42. a4 h5 43. g3 a5 44. Kc4 1-0

[Event "2. Memorial Oliver Gonzalez 2011"]
[Site "Madrid ESP"]
[Date "2011.10.14"]
[Round "7.65"]
[White "Tirado Parra, Alberto"]
[Black "Pradas Ojeda, Santiago"]
[Result "1-0"]
[WhiteElo "1914"]
[BlackElo "1585"]
[PlyCount "95"]
[EventDate "2011.10.08"]
[EventType "swiss"]
[EventRounds "9"]
[EventCountry "ESP"]
[Source "lmi"]
[SourceDate "2011.10.08"]

1. e4 e5 2. Nf3 Nc6 3. Nc3 Nf6 4. d4 exd4 5. Nxd4 Be7 6. Bc4 O-O 7. O-O Ne5 8.
Bb3 c5 9. Nf3 d6 10. Nxe5 dxe5 11. Qe2 Bg4 12. f3 Bd7 13. Bg5 Bc6 14. Rfd1 Qc7
15. Bxf6 Bxf6 16. Qc4 b6 17. Nd5 Bxd5 18. Rxd5 Rad8 19. Rad1 Rxd5 20. Rxd5 Rd8
21. Kf2 Kf8 22. a4 a5 23. Ke2 g6 24. Qd3 Rxd5 25. Qxd5 Ke8 26. Bc4 Kf8 27. Kd3
Qd8 28. Kc3 Qxd5 29. Bxd5 Bd8 30. Kc4 Ke7 31. Kb5 f5 32. Kc6 f4 33. Bg8 h5 34.
Bh7 g5 35. Bf5 h4 36. b3 Kf7 37. Kd7 Bf6 38. Kc7 Ke7 39. Kxb6 Kd6 40. Kxa5 Kc6
41. Be6 Bd8+ 42. Ka6 Be7 43. h3 Bd8 44. Bd5+ Kc7 45. Kb5 Kd6 46. a5 Bc7 47. a6
Bb8 48. Kb6 1-0

[Event "2. Memorial Oliver Gonzalez 2011"]
[Site "Madrid ESP"]
[Date "2011.10.14"]
[Round "7.66"]
[White "Sanchez Lopez, Pedro"]
[Black "De La Orden Alcocer, Alejandro"]
[Result "0-1"]
[WhiteElo "1572"]
[BlackElo "1852"]
[PlyCount "76"]
[EventDate "2011.10.08"]
[EventType "swiss"]
[EventRounds "9"]
[EventCountry "ESP"]
[Source "lmi"]
[SourceDate "2011.10.08"]

1. e4 g6 2. e5 Bg7 3. d4 d6 4. exd6 Qxd6 5. Be3 c5 6. Bb5+ Bd7 7. Bxd7+ Nxd7 8.
Nf3 cxd4 9. Bxd4 Qe6+ 10. Qe2 Qxe2+ 11. Kxe2 Bxd4 12. Nxd4 O-O-O 13. Nc3 Ne5
14. Rhd1 Nf6 15. Nb3 Nc4 16. Nc5 Rxd1 17. Rxd1 Nxb2 18. Rb1 b6 19. Rxb2 bxc5
20. Rb5 Nd7 21. Ne4 Kc7 22. Ng5 h6 23. Nf3 a6 24. Rb1 Rd8 25. Nd2 Nb6 26. Ne4
Kc6 27. Nc3 Nc4 28. Rd1 Rb8 29. f4 Rb2 30. Kd3 Na3 31. Rc1 Rb4 32. Ne2 Nb5 33.
c4 Nd6 34. g3 Rb2 35. Rc2 Rxc2 36. Kxc2 Nxc4 37. Kc3 Kd5 38. Nc1 Ne3 0-1

[Event "2. Memorial Oliver Gonzalez 2011"]
[Site "Madrid ESP"]
[Date "2011.10.14"]
[Round "7.67"]
[White "Arias De Reina Martinez, Fco"]
[Black "Sierra Soria, Maria"]
[Result "1/2-1/2"]
[WhiteElo "1604"]
[BlackElo "1782"]
[PlyCount "86"]
[EventDate "2011.10.08"]
[EventType "swiss"]
[EventRounds "9"]
[EventCountry "ESP"]
[Source "lmi"]
[SourceDate "2011.10.08"]

1. c4 f5 2. Nc3 Nf6 3. g3 g6 4. Bg2 Bg7 5. Nf3 O-O 6. d3 d6 7. O-O e5 8. e4 Nc6
9. Re1 Be6 10. Qe2 Qd7 11. Rb1 Nh5 12. b4 f4 13. Ng5 Nd4 14. Qd1 fxg3 15. hxg3
Bg4 16. f3 Be6 17. Nxe6 Qxe6 18. Kh2 Rf7 19. Rb2 Raf8 20. Rf2 Nf6 21. Bh3 Qe7
22. Ref1 c6 23. Kg2 Nh5 24. Ne2 Ne6 25. Nc3 Ng5 26. Ne2 Bf6 27. Bg4 Ng7 28. Be3
N7e6 29. f4 exf4 30. gxf4 d5 31. fxg5 Bxg5 32. Rxf7 Rxf7 33. Rxf7 Kxf7 34. Qf1+
Kg7 35. Bxg5 Qxg5 36. Qf3 h5 37. exd5 cxd5 38. cxd5 Nf8 39. Qe4 Qxg4+ 40. Qxg4
hxg4 41. Kg3 Nd7 42. Kxg4 Nf6+ 43. Kg5 Nxd5 1/2-1/2

[Event "2. Memorial Oliver Gonzalez 2011"]
[Site "Madrid ESP"]
[Date "2011.10.14"]
[Round "7.69"]
[White "Morona Minguez, Miguel"]
[Black "Suarez Prieto, Leopoldo"]
[Result "0-1"]
[WhiteElo "1549"]
[BlackElo "1724"]
[PlyCount "54"]
[EventDate "2011.10.08"]
[EventType "swiss"]
[EventRounds "9"]
[EventCountry "ESP"]
[Source "lmi"]
[SourceDate "2011.10.08"]

1. e4 e5 2. Nf3 f5 3. Nxe5 d6 4. Qh5+ g6 5. Nxg6 Nf6 6. Qh4 Rg8 7. exf5 hxg6 8.
fxg6 Qe7+ 9. Be2 Bf5 10. d3 Bxg6 11. Bd2 Nbd7 12. O-O Bf7 13. Bf3 c6 14. Qb4
Ne5 15. Bd1 Bd5 16. f3 Qg7 17. g3 c5 18. Qb5+ Bc6 19. Qb3 d5 20. Re1 Bd6 21. f4
c4 22. Qc3 Bc5+ 23. Kf1 O-O-O 24. Qxe5 Qh7 25. Qe2 Rxg3 26. Qe6+ Kb8 27. Be3
Qxh2 0-1

[Event "2. Memorial Oliver Gonzalez 2011"]
[Site "Madrid ESP"]
[Date "2011.10.14"]
[Round "7.70"]
[White "Martin Rodriguez, Jose L"]
[Black "Martinez Miura, Enrique"]
[Result "1-0"]
[WhiteElo "1483"]
[BlackElo "1713"]
[PlyCount "71"]
[EventDate "2011.10.08"]
[EventType "swiss"]
[EventRounds "9"]
[EventCountry "ESP"]
[Source "lmi"]
[SourceDate "2011.10.08"]

1. e4 e6 2. d4 d5 3. Nc3 dxe4 4. Nxe4 Nf6 5. Bg5 Be7 6. Nxf6+ Bxf6 7. Bxf6 Qxf6
8. Nf3 Nd7 9. Be2 O-O 10. O-O b6 11. Re1 Bb7 12. c3 Rfd8 13. Qc2 h6 14. Rad1 c5
15. Rd2 cxd4 16. Nxd4 Nc5 17. Bf3 Bxf3 18. Nxf3 Rxd2 19. Qxd2 Rd8 20. Qc2 a5
21. Rd1 Rxd1+ 22. Qxd1 e5 23. h3 e4 24. Nd4 Nd3 25. Qe2 Qg6 26. Kf1 f5 27. f3
Nf4 28. Qc2 e3 29. Nxf5 e2+ 30. Ke1 Qe6 31. Qe4 Nxg2+ 32. Kxe2 Nf4+ 33. Ke3
Qxe4+ 34. fxe4 Nxh3 35. Ne7+ Kf7 36. Nd5 1-0